000
00308nam a22001337a 4500
003
SGT
082
_a
340,AGA
100
_a
AGARAWALOMPRAKASH
245
_a
INDIAN SALE OF GOODS ACT, 1930
260
_c
1959
_a
NEW DELHI
_b
,M.B.C. LAW
300
_a
838
650
_a
INDIAN SALE OF GOODS ACT
942
_2
ddc
_c
BK
999
_c
10353
_d
10353